| 000 | 00749nam a22002057a 4500 | ||
|---|---|---|---|
| 999 |
_c8327 _d8327 |
||
| 003 | AR-CdUCM | ||
| 008 | 190322b ||||| |||| 00| 0 spa d | ||
| 040 |
_aMUNICIPALIDAD PROVINCIAL DEL CUSCO _cBIBLIOTECA MUNICIPAL DEL CUSCO |
||
| 082 |
_a574.01 / _bS57 |
||
| 100 |
_aSinnott, Edmund W. _923375 |
||
| 245 | _aLa biología del espíritu / | ||
| 260 |
_aMéxico ; _bBuenos Aires : _c1960. |
||
| 300 |
_a186 paginas ; _c17 cm. |
||
| 505 | _aContenido :La doble naturaleza del hombre -- Metas biológicas -- Protoplasma y propósito -- Del hombre y los motivos -- La filosofía de las metas -- | ||
| 650 |
_aBiología _9881 |
||
| 650 |
_aFilosofía _9395 |
||
| 700 |
_aOssorio, Josefina (traductora) _923376 |
||
| 942 |
_2ddc _cLIBROS |
||
| 945 | _arum | ||